Evénements du 19 août - Statistiques

Statistiques générales
  • Ce quiz a été pris 21 fois
  • Le résultat moyen est 9 sur 15
Statistiques - réponses
Hint Réponse % Correct
Mort de l'empereur Auguste 14
100%
Mariage de Louis X et de Clémence de Hongrie 1315
76%
Naissance de Madame du Barry 1743
76%
Tentative de débarquement des Canadiens à Dieppe 1942
71%
Libération de Toulouse 1944
71%
Naissance du peintre Gustave Caillebotte 1848
65%
Naissance de Bill Clinton 1946
65%
Naissance de Jean-Luc Mélenchon 1951
59%
Naissance de Coco Chanel 1883
53%
Naissance du réalisateur Nanni Moretti 1953
53%
Naissance de l'actrice Valérie Kaprisky 1962
53%
Naissance de Timonnier, inventeur de la machine à coudre 1793
35%
Naissance du chansonnier Béranger 1780
29%
Indépendance de l'Afghanistan 1919
29%
Naissance du Dr Patrick Pelloux 1963
29%
Aucun quiz correspondant
Distribution des résultats
% des personnes avec chaque résultat
Percentile par nombre de réponses
Votre historique - résultats
Vous n’avez pas pris ce quiz